[Event "Berlin Neukoelln op 7th"]
[Site "Berlin"]
[Date "2001.05.25"]
[Round "3"]
[White "Lavrentjev, Ivan"]
[Black "Bayat, Erkan"]
[Result "1-0"]
[WhiteElo "1959"]
[BlackElo "1659"]
[PlyCount "85"]
[EventDate "2001.05.11"]
[EventType "swiss"]
[EventRounds "7"]
[EventCountry "GER"]
[SourceTitle "EXT 2022"]
[Source "ChessBase"]
[SourceDate "2021.10.06"]
[SourceVersion "1"]
[SourceVersionDate "2021.10.06"]
[SourceQuality "1"]

1. Nf3 d5 2. g3 c5 3. Bg2 g6 4. d3 Bg7 5. 0-0 Nf6 6. Nbd2 Nc6 7. c3 e5 8. Qa4 0-0 9. e4 d4 10. cxd4 cxd4 11. b4 Nd7 12. Ba3 Nb6 13. Qc2 Ne7 14. Rfc1 Qd7 15. b5 Re8 16. Rab1 Qe6 17. Ng5 Qf6 18. Ngf3 Be6 19. Nb3 Bxb3 20. Qxb3 Rac8 21. Bc5 Nd7 22. Bb4 Bh6 23. Rc4 Rxc4 24. Qxc4 Nc8 25. Qc7 Ndb6 26. Qxb7 Qe6 27. Qc6 Qxc6 28. bxc6 f6 29. Bh3 Bf8 30. Bd7 Rd8 31. Be6+ Kg7 32. c7 Re8 33. Bxf8+ Kxf8 34. Bh3 Ke7 35. Nd2 Kd6 36. Rc1 Re7 37. Nc4+ Nxc4 38. Rxc4 Rxc7 39. Bxc8 h6 40. Rxc7 Kxc7 41. Be6 g5 42. Kg2 h5 43. h4 1-0

[Event "Berlin op 10"]
[Site "Berlin"]
[Date "2000.11.27"]
[Round "7"]
[White "Knopf, Roland"]
[Black "Bayat, Erkan"]
[Result "1-0"]
[WhiteElo "1879"]
[BlackElo "1656"]
[PlyCount "97"]
[EventDate "2000.10.16"]
[EventType "swiss"]
[EventRounds "7"]
[EventCountry "GER"]
[SourceTitle "EXT 2007"]
[Source "ChessBase"]
[SourceDate "2006.11.23"]
[SourceVersion "1"]
[SourceVersionDate "2006.11.23"]
[SourceQuality "1"]

1. d4 e6 2. c4 d5 3. Nc3 c6 4. e3 f5 5. Bd3 Nf6 6. a3 Bd6 7. Nf3 Ne4 8. 0-0 Nd7 9. Ne2 0-0 10. Ng3 Ndf6 11. Ne5 Qc7 12. f4 Bxe5 13. fxe5 Nxg3 14. hxg3 Ne4 15. Rf3 Bd7 16. Bd2 Nxd2 17. Qxd2 g5 18. Rc1 g4 19. Rff1 Qd8 20. Kf2 Be8 21. cxd5 cxd5 22. Rh1 Rc8 23. Rxc8 Qxc8 24. Rc1 Qb8 25. Qb4 Rf7 26. Qc5 Bc6 27. b4 a6 28. Qb6 Qc7 29. Qxc7 Rxc7 30. b5 axb5 31. Bxb5 Rc8 32. Bxc6 bxc6 33. Rc5 Kf7 34. Ra5 Rc7 35. Rc5 Ke7 36. Ke2 Kd7 37. Kd3 Rb7 38. Kc2 Rb5 39. Rc3 Rb7 40. Rb3 Rxb3 41. Kxb3 Kc7 42. Kb4 Kb6 43. a4 c5+ 44. dxc5+ Kc6 45. a5 h5 46. a6 d4 47. exd4 f4 48. d5+ exd5 49. e6 1-0

[Event "Berlin op 10"]
[Site "Berlin"]
[Date "2000.11.06"]
[Round "4"]
[White "Bayat, Erkan"]
[Black "Karpati, Ralf"]
[Result "1/2-1/2"]
[WhiteElo "1656"]
[BlackElo "1345"]
[PlyCount "50"]
[EventDate "2000.10.16"]
[EventType "swiss"]
[EventRounds "7"]
[EventCountry "GER"]
[SourceTitle "EXT 2007"]
[Source "ChessBase"]
[SourceDate "2006.11.23"]
[SourceVersion "1"]
[SourceVersionDate "2006.11.23"]
[SourceQuality "1"]

1. d4 Nf6 2. Nf3 e6 3. e3 d5 4. Bd3 c5 5. c3 Be7 6. Nbd2 0-0 7. 0-0 c4 8. Bc2 b5 9. Qe2 Qc7 10. e4 dxe4 11. Nxe4 Bb7 12. Nxf6+ Bxf6 13. Ne5 Nc6 14. f4 g6 15. h3 Rae8 16. g4 Bg7 17. Bd2 f6 18. Nf3 e5 19. dxe5 fxe5 20. fxe5 Nxe5 21. Nxe5 Bxe5 22. Rxf8+ Rxf8 23. Re1 Bg3 24. Qe6+ Qf7 25. Qxf7+ Rxf7 1/2-1/2